| 000 | 01073nam a22002537a 4500 | ||
|---|---|---|---|
| 005 | 20170124102954.0 | ||
| 010 | _aA-422016 | ||
| 020 | _c35.00 | ||
| 035 | _aA-422016 | ||
| 037 | _bCen Lib/Ret | ||
| 040 |
_aDPL _bHN |
||
| 082 |
_a824 _bचतुर्वेदी |
||
| 100 |
_aचतुर्वेदी, प्रवेश _952531 |
||
| 245 |
_aटूटती जुडती Pपरछाइयाँ / _cप्रवेश चतुर्वेदी |
||
| 246 |
_aTutti judti parchhaiyan / _bby Pravesh Chaturvedi |
||
| 260 |
_aइलाहाबाद _bसाहित्य संगम _c1989 |
||
| 270 |
_bइलाहाबाद _aनया 100 लूकरगंज |
||
| 300 |
_a130पृ. _c18सेमी(सजिल्द) |
||
| 650 |
_aहिंदी साहित्य _952532 |
||
| 650 |
_aहिंदी साहित्य -- कहानियां _942761 |
||
| 650 |
_aHindi literature _952533 |
||
| 650 |
_aHindi literature -- Stories _952534 |
||
| 942 |
_2ddc _cHN _h824 _mचतुर्वेदी |
||
| 999 |
_c113498 _d113498 |
||